00548 2200169 4500245004500000020002200045250001100067700002700078100001700105650003700122005001900159260007600178041001400254084001000268300009100278336000900369 aMisteri Patung DayakcCaritra SarihText a978-623-118-673-7 aCet. 1 aFahmi Nugraha Ramadhan aCaritra Sari aPatung Dayak ; Sejarah Indonesia a20240902104500 aJakartabKementerian Pendidikan, Kebudayaan, Riset, dan Teknologic2023 aIndonesia a959.8 aIBM Plex Sans 10/14 pt., Mike Abbink, Open Font License. vi :c154 hlm., 14,8 x 21 cm. atext